00874nam a2200301Ia 4500003000400000005001700004008004100021020001500062040001800077041000800095082002300103100002300126245005100149250001200200260006600212300003200278650002900310650002000339650002000359650002300379650001900402650001800421650002400439650001900463650003100482650002000513650003900533OSt20250527122453.0210716s2001 xx 000 0 und d a0070444773 cAIMIT LIBRARY aeng a005.7402 21bHOUF aHoulette, Forrest. aSql :bbeginners guide /cBy Forrest Houlette. a1st ed. aNew Delhi :bTata McGraw Hill Publishing Company Ltd ,c2001. axxiii,424 p.;bPBc24.5 cm. aLearning the essentials  aBuilding skills aCreating tables aCreating databases aInserting data aDeleting data aBuilding subqueries aBuilding views aBuilding stored Procedures aBuilding unions aWinding down the portfolio project